000 00812nas a2200265Ia 4500
001 A08/R095-43402
003 IT-MiCISF
008 161014c99999999xx |||||||||||| ||und||
040 _aIT-MiCISF
_cIT-MiCISF
041 _aITALIANO
100 _aD'Agostino Francesco
210 _aFamilia et vita
222 _aFamilia et vita
245 0 _aLa famiglia, principio antropologico-giuridico
250 _a1a ed.
260 _c2006
501 _bCISF - Centro Internazionale Studi Famiglia - Via Giotto, 36 20145 MILANO (non commercial uses only)
_cCopyright 2016
300 _app. 130-134
362 _an. 1-2 [2006]
500 _a Tema: famiglia, diritto, antropologia, tecnologie-riproduttive
650 _aFAMIGLIA
_varticolo
700 _aAA.VV.
942 _cCR
957 _71
999 _a43402
_bSi
_g1
_c228355
_d228355